01314cam a2200325 a 45000010005000000030006000050050017000110080041000280100017000690200018000860400023001040420008001270430012001350500023001470820012001701000020001822450110002022600036003123000046003485040066003945200220004606500034006806500041007146500035007556500048007906500035008386510043008736510041009167000031009574107FISKH20240607085055.0110603s2012 nyuab b 001 0 eng  a 2011023538 a9780307719218 aDLCcDLCdDLCbeng apcc ad------00aHB74.P65bA28 201200a3302231 aAcemoglu, Daron10aWhy nations fail :bthe origins of power, prosperity and poverty /cDaron Acemoglu and James A. Robinson. aLondon :bProfile Books,c2012. a529 pages :billustrations, map ;c20 cm. aIncludes bibliographical references (p. [465]-509) and index. a"Why Nations Fail answers the question that has stumped the experts for centuries: Why are some nations rich and others poor, divided by wealth and poverty, health and sickness, food and famine? ..." - Library Thing 0aEconomicsxPolitical aspects. 0aEconomic historyxPolitical aspects. 0aPovertyzDeveloping countries. 0aEconomic developmentzDeveloping countries. 0aRevolutionsxEconomic aspects. 0aDeveloping countriesxEconomic policy. 0aDeveloping countriesxSocial policy.1 aRobinson, James A.,d1960-